[Event "Fide Mercenarios 40th"]
[Site "Mexico City"]
[Date "1999.??.??"]
[Round "3"]
[White "Otero Garcia, Israel"]
[Black "Anaya Echeverria, Javier"]
[Result "1-0"]
[WhiteElo "2000"]
[BlackElo "2000"]
[PlyCount "64"]
[EventDate "1999.??.??"]
[EventType "tourn"]
[EventRounds "13"]
[EventCountry "MEX"]
[SourceTitle "EXT 2000"]
[Source "ChessBase"]
[SourceDate "1999.11.16"]
[SourceVersion "1"]
[SourceVersionDate "1999.11.16"]
[SourceQuality "1"]

1. e4 c5 2. Nf3 d6 3. Bc4 e6 4. Nc3 Nc6 5. 0-0 a6 6. a4 Nf6 7. d4 cxd4 8. Nxd4 Be7 9. Nxc6 bxc6 10. f4 d5 11. exd5 exd5 12. Bd3 Bc5+ 13. Kh1 0-0 14. h3 Ng4 15. Qf3 Qh4 16. Nd1 Re8 17. Bd2 Bd7 18. b4 Bb6 19. a5 Ba7 20. Bxa6 Re7 21. f5 h5 22. Ra3 Bb8 23. Be2 Ba7 24. Be1 Qf6 25. hxg4 hxg4 26. Qxg4 Qd4 27. Bf2 Re4 28. Bxd4 Rxg4 29. Bxg4 Bxd4 30. Rd3 Be5 31. Ne3 f6 32. Bf3 Kf7 1-0

[Event "Fide Mercenarios 40th"]
[Site "Mexico City"]
[Date "1999.??.??"]
[Round "10"]
[White "Sorensen, Jorn"]
[Black "Anaya Echeverria, Javier"]
[Result "1-0"]
[WhiteElo "2160"]
[BlackElo "2000"]
[PlyCount "31"]
[EventDate "1999.??.??"]
[EventType "tourn"]
[EventRounds "13"]
[EventCountry "MEX"]
[SourceTitle "EXT 2000"]
[Source "ChessBase"]
[SourceDate "1999.11.16"]
[SourceVersion "1"]
[SourceVersionDate "1999.11.16"]
[SourceQuality "1"]

1. b3 b6 2. Bb2 Bb7 3. f4 f5 4. e3 Nf6 5. Nf3 e6 6. Be2 Be7 7. 0-0 0-0 8. Qe1 Qe8 9. Nc3 Nc6 10. Nb5 Rc8 11. Ne5 a6 12. Nxc6 dxc6 13. Nd4 c5 14. Nxe6 Bxg2 15. Qg3 Qf7 16. Qxg2 1-0

[Event "Fide Mercenarios 10th"]
[Site "Mexico City"]
[Date "1996.??.??"]
[Round "2"]
[White "Anaya Echeverria, Javier"]
[Black "Norgaard, Jesper"]
[Result "0-1"]
[WhiteElo "2000"]
[BlackElo "2330"]
[PlyCount "54"]
[EventDate "1996.??.??"]
[EventType "tourn"]
[EventRounds "11"]
[EventCountry "MEX"]
[SourceTitle "EXT 2000"]
[Source "ChessBase"]
[SourceDate "1999.11.16"]
[SourceVersion "1"]
[SourceVersionDate "1999.11.16"]
[SourceQuality "1"]

1. e4 e5 2. Nf3 Nc6 3. d4 exd4 4. Bc4 Bc5 5. c3 Nf6 6. e5 d5 7. Bb5 Ne4 8. cxd4 Bb4+ 9. Bd2 Bxd2+ 10. Nbxd2 Bd7 11. Qc2 Nb4 12. Qa4 Nd3+ 13. Kf1 Ndxf2 14. Nxe4 Nxe4 15. e6 fxe6 16. Qb4 Bxb5+ 17. Qxb5+ Qd7 18. Qxb7 0-0 19. b3 Rab8 20. Qa6 Rb6 21. Qd3 c5 22. Ke1 cxd4 23. Qxd4 Qb5 24. Rc1 Rc6 25. Rxc6 Qxc6 26. Qb2 Qc5 27. Nd4 Qb4+ 0-1

[Event "Fide Mercenarios 10th"]
[Site "Mexico City"]
[Date "1996.??.??"]
[Round "1"]
[White "Franco, David"]
[Black "Anaya Echeverria, Javier"]
[Result "1-0"]
[WhiteElo "2065"]
[BlackElo "2000"]
[PlyCount "62"]
[EventDate "1996.??.??"]
[EventType "tourn"]
[EventRounds "11"]
[EventCountry "MEX"]
[SourceTitle "EXT 2000"]
[Source "ChessBase"]
[SourceDate "1999.11.16"]
[SourceVersion "1"]
[SourceVersionDate "1999.11.16"]
[SourceQuality "1"]

1. e4 d6 2. d4 Nf6 3. Bd3 g6 4. h3 Bg7 5. Be3 Nbd7 6. Ne2 e5 7. f4 0-0 8. c3 Re8 9. Nd2 exd4 10. cxd4 Nf8 11. 0-0 Kh8 12. Bf2 Ng8 13. f5 gxf5 14. Qb3 c5 15. Qxf7 Re7 16. Qb3 fxe4 17. Bxe4 d5 18. Bf3 c4 19. Qb5 a6 20. Qb4 Rf7 21. Nc3 Be6 22. Rae1 Ne7 23. Ne2 Qd7 24. Qc3 Nfg6 25. Ng3 Raf8 26. Nh5 Bh6 27. Nxc4 Rxf3 28. gxf3 Bxh3 29. Ne5 Nxe5 30. dxe5 Kg8 31. Kh2 Be6 1-0

[Event "Fide Mercenarios 5th"]
[Site "Mexico City"]
[Date "1995.??.??"]
[Round "9"]
[White "Anaya Echeverria, Javier"]
[Black "Padilla Liceaga, Jorge"]
[Result "0-1"]
[WhiteElo "2105"]
[BlackElo "2000"]
[PlyCount "76"]
[EventDate "1995.??.??"]
[EventType "tourn"]
[EventRounds "11"]
[EventCountry "MEX"]
[SourceTitle "EXT 2000"]
[Source "ChessBase"]
[SourceDate "1999.11.16"]
[SourceVersion "1"]
[SourceVersionDate "1999.11.16"]
[SourceQuality "1"]

1. Nf3 g6 2. g3 Bg7 3. Bg2 d6 4. 0-0 e5 5. d3 f5 6. Bg5 Nf6 7. e4 0-0 8. Nbd2 h6 9. Be3 Nc6 10. c3 Ng4 11. Nc4 Be6 12. Nh4 f4 13. Bd2 g5 14. Nf5 Nf6 15. Bh3 Qd7 16. g4 Bxc4 17. dxc4 Nxe4 18. Bg2 Nf6 19. b4 e4 20. b5 Ne5 21. f3 e3 22. Bc1 Qe6 23. Re1 Qxc4 24. Qc2 Nd5 25. Bb2 Qxb5 26. Rad1 Nf6 27. Bf1 Qd7 28. Kg2 Nfxg4 29. fxg4 Qc6+ 30. Kh3 Qf3+ 31. Ng3 Nxg4 32. Bc4+ Kh8 33. Rf1 Nf2+ 34. Rxf2 exf2 35. Qe4 fxg3 36. Qxf3 Rxf3 37. Kg2 Raf8 38. Bd5 f1Q+ 0-1

[Event "Fide Mercenarios 5th"]
[Site "Mexico City"]
[Date "1995.??.??"]
[Round "5"]
[White "Anaya Echeverria, Javier"]
[Black "Pastrana Rodriguez, Cesar"]
[Result "0-1"]
[WhiteElo "2105"]
[BlackElo "2140"]
[PlyCount "108"]
[EventDate "1995.??.??"]
[EventType "tourn"]
[EventRounds "11"]
[EventCountry "MEX"]
[SourceTitle "EXT 2000"]
[Source "ChessBase"]
[SourceDate "1999.11.16"]
[SourceVersion "1"]
[SourceVersionDate "1999.11.16"]
[SourceQuality "1"]

1. d4 Nf6 2. Nf3 d5 3. c4 e6 4. Nc3 Nbd7 5. e3 c6 6. Bd3 Be7 7. 0-0 0-0 8. a4 Ne8 9. Qc2 f5 10. b3 Nef6 11. Ng5 Nb8 12. f4 Bd7 13. Ba3 Na6 14. Bxe7 Qxe7 15. Qd2 Nc7 16. c5 Be8 17. Kh1 Bh5 18. Be2 h6 19. Nf3 Bxf3 20. Bxf3 g5 21. Be2 Ne4 22. Nxe4 dxe4 23. Bc4 Rfd8 24. Qf2 Nd5 25. Bxd5 Rxd5 26. g3 g4 27. b4 Rdd8 28. Qe2 Rab8 29. b5 Rdc8 30. Kg2 b6 31. bxc6 bxc5 32. Qc4 Rb4 33. Qa6 Rc7 34. Rab1 cxd4 35. Rxb4 Qxb4 36. Qb5 Qd6 37. exd4 Rxc6 38. Rb1 Kf7 39. Qe5 Qxe5 40. dxe5 Ra6 41. Rb4 Ke7 42. Kf2 Rb6 43. Rc4 Kd7 44. Rd4+ Kc7 45. Kg1 Kc6 46. Rd6+ Kc5 47. Rd7 Ra6 48. Rh7 Rxa4 49. Rc7+ Kd4 50. Rc6 Ke3 51. Rxe6 Kf3 52. h4 Kxg3 53. Kf1 Kf3 54. Kg1 g3 0-1

[Event "Fide Mercenarios 5th"]
[Site "Mexico City"]
[Date "1995.??.??"]
[Round "3"]
[White "Anaya Echeverria, Javier"]
[Black "Vaca Kram, Luis"]
[Result "0-1"]
[WhiteElo "2105"]
[BlackElo "2015"]
[PlyCount "86"]
[EventDate "1995.??.??"]
[EventType "tourn"]
[EventRounds "11"]
[EventCountry "MEX"]
[SourceTitle "EXT 2000"]
[Source "ChessBase"]
[SourceDate "1999.11.16"]
[SourceVersion "1"]
[SourceVersionDate "1999.11.16"]
[SourceQuality "1"]

1. e4 g6 2. Nf3 Bg7 3. d4 d6 4. Bd3 Nf6 5. Bg5 h6 6. Bh4 0-0 7. c3 Nbd7 8. e5 dxe5 9. dxe5 Nc5 10. Bc2 Qxd1+ 11. Kxd1 Nfe4 12. b4 Rd8+ 13. Ke2 Ne6 14. Bxe4 Nf4+ 15. Ke1 Nxg2+ 16. Kf1 Bh3 17. Ng1 Rd1+ 18. Ke2 Re1+ 19. Kd2 Rxe4 20. Bxe7 Re1 21. f4 Bf5 22. a3 Re8 23. Bh4 Rxb1 24. Rxb1 Bxb1 25. Nf3 Nxh4 26. Nxh4 Rd8+ 27. Kc1 Ba2 28. Rg1 Kh7 29. f5 Bxe5 30. fxg6+ fxg6 31. Rxg6 Bf4+ 32. Kb2 Rd2+ 33. Ka1 Be5 34. Rg3 Bxg3 35. hxg3 Bc4 36. Nf3 Rg2 37. Ne5 Be6 38. c4 Rxg3 39. a4 Ra3+ 40. Kb2 Rxa4 41. Nd3 Bxc4 42. Nc5 Rxb4+ 43. Ka1 Ba6 0-1

[Event "Fide Mercenarios 5th"]
[Site "Mexico City"]
[Date "1995.??.??"]
[Round "4"]
[White "Guevara, Mario"]
[Black "Anaya Echeverria, Javier"]
[Result "1/2-1/2"]
[WhiteElo "2260"]
[BlackElo "2105"]
[PlyCount "62"]
[EventDate "1995.??.??"]
[EventType "tourn"]
[EventRounds "11"]
[EventCountry "MEX"]
[SourceTitle "EXT 2000"]
[Source "ChessBase"]
[SourceDate "1999.11.16"]
[SourceVersion "1"]
[SourceVersionDate "1999.11.16"]
[SourceQuality "1"]

1. c4 c5 2. Nf3 Nf6 3. Nc3 Nc6 4. d4 cxd4 5. Nxd4 Nxd4 6. Qxd4 g6 7. Nd5 Bg7 8. Bg5 0-0 9. Bxf6 exf6 10. e3 d6 11. Be2 f5 12. Qd2 Be6 13. 0-0 Rc8 14. Rab1 Re8 15. Rfd1 Bxd5 16. Qxd5 f4 17. e4 b6 18. Bg4 Rc5 19. Qd3 Qc7 20. b3 Be5 21. Qh3 Bg7 22. Qd3 Be5 23. a4 Kg7 24. f3 h5 25. Bh3 Kh8 26. Kf2 Qe7 27. g3 fxg3+ 28. hxg3 Kg7 29. f4 Bf6 30. Bg2 h4 31. g4 g5 1/2-1/2

[Event "Fide Mercenarios 1st"]
[Site "Mexico City"]
[Date "1994.??.??"]
[Round "10"]
[White "Vaca Kram, Luis"]
[Black "Anaya Echeverria, Javier"]
[Result "1-0"]
[WhiteElo "2000"]
[BlackElo "2000"]
[PlyCount "77"]
[EventDate "1994.??.??"]
[EventType "tourn"]
[EventRounds "11"]
[EventCountry "MEX"]
[SourceTitle "EXT 2000"]
[Source "ChessBase"]
[SourceDate "1999.11.16"]
[SourceVersion "1"]
[SourceVersionDate "1999.11.16"]
[SourceQuality "1"]

1. Nf3 Nf6 2. g3 b6 3. Bg2 Bb7 4. 0-0 c5 5. d3 g6 6. Nbd2 Bg7 7. e4 d5 8. Re1 Nc6 9. e5 Ng4 10. e6 fxe6 11. Ng5 Nxf2 12. Kxf2 Bd4+ 13. Kf1 0-0+ 14. Ndf3 Bc8 15. c3 Bg7 16. Kg1 e5 17. Qe2 Bf5 18. Nh4 Bc8 19. Rf1 Rf6 20. Be3 Qd6 21. Rae1 Ba6 22. c4 e4 23. Rd1 exd3 24. Qxd3 Bxc4 25. Bxd5+ Bxd5 26. Qxd5+ Qxd5 27. Rxd5 Rxf1+ 28. Kxf1 Bxb2 29. Ne6 c4 30. Rd7 Rc8 31. Nf3 Kf7 32. Ned4 Ke8 33. Rb7 Rd8 34. Nxc6 Rd3 35. Rxe7+ Kf8 36. Bh6+ Kg8 37. Ng5 Re3 38. Rxe3 c3 39. Re8# 1-0